Visualizzazione normale
Vista MARC
- Bello Tonino
di Personal Name
Records bibliografici associati: 1
001 - CONTROL NUMBER
- control field: 33600
003 - CONTROL NUMBER IDENTIFIER
- control field: IT-RoPau
005 - DATE AND TIME OF LATEST TRANSACTION
- control field: 20140705172956.0
008 - FIXED-LENGTH DATA ELEMENTS
- fixed length control field: 140705|| aca||aabn | a|a d
040 ## - CATALOGING SOURCE
- Original cataloging agency: IT-RoPau
- Transcribing agency: IT-RoPau
100 ## - HEADING--PERSONAL NAME
- Personal name: Bello Tonino
670 ## - SOURCE DATA FOUND
- Source citation: Work cat.: (IT-RoPau)101250: Bello Tonino, Tonino Bello. Lettera a Maria e Giuseppe